LEADER 01292nam a2200265 i 4500 001 000000106658 003 CaOOAMICUS 005 20111028000000.0 008 111028s1999 xx u000 u und u 013 $a78852 040 $aSeMil$bita 100 1 $aDa Ponte, Lorenzo.$0(OLS)http://semarc/name/8381 245 10$aDon Giovanni :$bdramma giocoso in due atti /$clibretto di Lorenzo Da Ponte ; musica di Wolfgang Amadeus Mozart. 260 $aMilano :$bEdizioni del Teatro alla Scala,$c1999. 300 $a213 p. :$bill. ;$c27 cm. 650 4$aOpera in musica.$0(OLS)http://semarc/subject/8916 650 4$aMozart, Wolfgang Amadeus <1756-1791> - Opere.$0(OLS)http://semarc/subject/1290 650 4$aMelodramma - Testi.$0(OLS)http://semarc/subject/10519 700 1 $aMozart, Wolfgang Amadeus <1756-1791>.$0(OLS)http://semarc/name/4105 773 0 $tStagione d'opera e balletto 1998-99.$dMilano : Edizioni del Teatro alla Scala, 1998-1999.$g19$w()25656 850 $aSeMil 852 $aSeMil$W1$xVenegono$y1$m3Q V 84$j62774$B62774$CSeMilBibl$Z2$F171192 $81 961 $aLascito: Barbarisi Gennaro 996 $6245$aDon Giovanni :$bdramma giocoso in due atti$9(OLS)http://semarc/title/154717 996 $6260$aMilano :$bEdizioni del Teatro alla Scala$9(OLS)http://semarc/publisher/36461 LEADER 01576nam a2200325 i 4500 001 000000152355 003 CaOOAMICUS 005 20061206000000.0 008 061206s2006 be u000 u fre u 013 $a129696 020 $a90-5867-512-2 020 $a978-90-429-1699-9 040 $aSeMil$bita 100 1 $aFocant, Camille <1946- >.$0(OLS)http://semarc/name/19761 245 10$aMarc, un évangile étonnant /$cRecueil d'essais par C. Focant. 260 $aLeuven ; Paris ; Dudley (MA) :$bUitgeverij Peeters,$c2006. 260 $aLeuven :$bUniversity Press,$c2006. 300 $aXV, 402,9 p. ;$c25 cm. 490 0 $aBibliotheca Ephemeridum Theologicarum Lovaniensium ;$v194. 500 $aContiene : Index des citations bibliques et autres sources anciennes. 650 4$aBibbia. Nuovo Testamento. Vangelo secondo Marco - Commentari, studi, critica, interpretazioni.$0(OLS)http://semarc/subject/143 830 0$aBibliotheca Ephemeridum Theologicarum Lovaniensium ;$v194.$0(OLS)http://semarc/title/108 850 $aSeMil 852 $aSeMil$W1$xVenegono$y1$m2IA A 194$j104314$B104314$CSeMilBibl$Z2$F113371 $81 961 $aSottoscrizione: Glossa 996 $6020$a90-5867-512-2$9(OLS)http://semarc/number/142037 996 $6020$a978-90-429-1699-9$9(OLS)http://semarc/number/142038 996 $6245$aMarc, un évangile étonnant$9(OLS)http://semarc/title/222761 996 $6260$aLeuven :$bUniversity Press$9(OLS)http://semarc/publisher/30124 996 $6260$aLeuven ; Paris ; Dudley (MA) :$bUitgeverij Peeters$9(OLS)http://semarc/publisher/34531